000
00378nam a22001217a 4500
003
SGT
082
_a
200
_b
S06A
100
_a
अग्निहोत्री, कुलदीप चंद
245
_a
श्री गुरूजी और तिब्बत
260
_b
भारत तिब्बत सहयोग मंच
_c
2006
300
_a
167
942
_2
ddc
_c
BK
999
_c
31808
_d
31808